Albums Rap Francophone 2022 - Statistiques

Statistiques générales
  • Ce quiz a été pris 217 fois
  • Le résultat moyen est 7 sur 41
Statistiques - réponses
Hint Réponse % Correct
Vald V
68%
Jazzy Bazz Memoria
66%
Tiakola Melo
53%
Kaaris & Kalash Criminel SVR
49%
DISIZ L'amour
44%
Freeze Corleone & Ashe22 Riyad Sadio
44%
Zamdane La couleur de ma peine
33%
Green Montana Nostalgia +
31%
Moha MMZ EUPHORIA
28%
Lesram Wesh enfoiré
28%
Lefa DEMINEUR
26%
So la lune Fissure de vie
26%
Caballero OSITO
22%
BB. Jacques Poésie d'une pulsion
18%
ISHA Labrador Bleu
16%
Médine Médine France
16%
Osirus Jack Nouvelle ère
16%
Alonzo QUARTIERS NORDS
13%
Da Uzi Le chemin des braves
11%
Nahir Rihan
11%
Sasso & L'allemand 2 lions
6%
Bushi Bushi Tape Vol 2
6%
Josman M.A.N (Black Roses & Lost Feelings)
6%
Rémy Renaissance
6%
Luv Resval Etoile noire 2.0 : ZLM
5%
ISK Racines
5%
Nessbeal Zonard des étoiles
5%
Amine Farsi Farsi
4%
Seth Gueko Mange tes morts
4%
Kobo ANAGENESE
3%
Gros Mo GROZO Social Club
3%
Sinik Niksi
2%
AMK 15
1%
Youssoupha NEPTUNE TERMINUS, : ORIGINES
1%
Captaine Roshi Nouvel arc
1%
Ashh OPIUM 2.16
1%
KR Malsain Paris Sud
1%
VEERUS Post Scriptum
1%
Loud Aucune Promesse
0%
Junior Bvndo Sur mes côtes
0%
Yaro Tout droit
0%
Aucun quiz correspondant
Distribution des résultats
% des personnes avec chaque résultat
Percentile par nombre de réponses
Votre historique - résultats
Vous n’avez pas pris ce quiz